American sociology : (Record no. 33137)
[ view plain ]
| 000 -LEADER | |
|---|---|
| fixed length control field | 00724nam a2200229 a 4500 |
| 001 - CONTROL NUMBER | |
| control field | 33137 |
| 003 - CONTROL NUMBER IDENTIFIER | |
| rucl marc code | BD-RjUL |
| 005 - DATE AND TIME OF LATEST TRANSACTION | |
| control field | 20211209051943.0 |
| 008 - FIXED-LENGTH DATA ELEMENTS--GENERAL INFORMATION | |
| fixed length control field | 140430s1969 enk b 001 0 eng d |
| 035 ## - SYSTEM CONTROL NUMBER | |
| System control number | (BD-RjUL)33228 |
| 040 ## - CATALOGING SOURCE | |
| Original cataloging agency | DLC |
| Transcribing agency | DLC |
| Language of cataloging | eng |
| Modifying agency | BD-RjUL |
| 041 ## - LANGUAGE CODE | |
| Language code of text/sound track or separate title | eng |
| 082 00 - DEWEY DECIMAL CLASSIFICATION NUMBER | |
| Classification number | 301.0973 |
| Author mark and year | ODA 1969 |
| 100 1# - MAIN ENTRY--PERSONAL NAME | |
| Personal name | Odum, Howard W. |
| 9 (RLIN) | 100654 |
| 245 10 - TITLE STATEMENT | |
| Title | American sociology : |
| Remainder of title | the story of sociology in the United States through 1950 / |
| Statement of responsibility, etc. | by Howard Washington Odum |
| 260 ## - PUBLICATION, DISTRIBUTION, ETC. (IMPRINT) | |
| Place of publication, distribution, etc. | New York : |
| Name of publisher, distributor, etc. | Green wood Press, |
| Date of publication, distribution, etc. | c1951 [Reprint 1969] |
| 300 ## - PHYSICAL DESCRIPTION | |
| Pagination | vi, 501p. ; |
| Size | 25 cm |
| 500 ## - GENERAL NOTE | |
| General note | Includes index |
| 504 ## - BIBLIOGRAPHY, ETC. NOTE | |
| Bibliography, etc | Bibliography: p. 311-354 |
| 650 #0 - SUBJECT ADDED ENTRY--TOPICAL TERM | |
| Topical term or geographic name as entry element | Christian sociology |
| Geographic subdivision | United States |
| 9 (RLIN) | 100655 |
| 942 ## - ADDED ENTRY ELEMENTS (KOHA) | |
| Source of classification or shelving scheme | Dewey Decimal Classification |
| Koha item type | Books |
| Lost status | Source of classification or shelving scheme | Damaged status | Not for loan | Collection code | Permanent Location | Current Location | Shelving location | Date acquired | Source of acquisition | Cost, normal purchase price | Total Checkouts | Full call number | Date last seen | Copy number | Koha item type |
|---|---|---|---|---|---|---|---|---|---|---|---|---|---|---|---|
| Dewey Decimal Classification | Non-fiction | Central Library, University of Rajshahi | Central Library, University of Rajshahi | 15/12/1970 | Sweets & Zeitlinger | 168.00 | 301.0973 ODA 1969 | 30/04/2014 | C-2 | Books | |||||
| Dewey Decimal Classification | Non-fiction | Central Library, University of Rajshahi | Central Library, University of Rajshahi | 01/08/1971 | N/A | 0.00 | 301.0973 ODA 1969 | 30/07/2016 | C-3 | Books |